header

Protecting the American homeland (Record no. 48514)

MARC details
000 -LEADER
fixed length control field 01751nam a2200373Ia 4500
082 04 - DEWEY DECIMAL CLASSIFICATION NUMBER
Classification number 363.3/2/0973
245 00 - TITLE STATEMENT
Title Protecting the American homeland
250 ## - EDITION STATEMENT
Edition statement [Updated] with a new preface.
260 ## - PUBLICATION, DISTRIBUTION, ETC. (IMPRINT)
Place of publication Washington, D.C. :
Name of publisher Brookings Institution Press,
Year of publication 2003, c2002.
300 ## - PHYSICAL DESCRIPTION
Number of Pages xlii, 188 p. :
Other physical details ill.
505 0# - FORMATTED CONTENTS NOTE
Formatted contents note Introduction -- Securing America's perimeter -- Preventive measures within the United States -- Protecting targets within the United States -- Consequence management -- Principles for providing and financing homeland security -- Organizing for success -- Conclusion.
650 #0 - SUBJECT ADDED ENTRY--TOPICAL TERM
Topical Term Terrorism
Topical Term National security
Topical Term Civil defense
Topical Term Emergency management
700 1# - ADDED ENTRY--PERSONAL NAME
Personal name O'Hanlon, Michael E.
856 40 - ELECTRONIC LOCATION AND ACCESS
Uniform Resource Identifier http://site.ebrary.com/lib/rucke/Doc?id=10063909

No items available.

© 2026 Rongo University
Contact us: librarian | system librarian | Rongo university